Eurovision Winning Titles - Statistics

General Stats
  • This quiz has been taken 1,498 times
  • The average score is 32 of 61
Answer Stats
Hint Answer % Correct
2012 Euphoria
86%
2009 Fairytale
84%
1974 Waterloo
84%
2013 Only Teardrops
82%
2010 Satellite
80%
2006 Hard Rock Hallelujah
79%
2007 Molitva
77%
2004 Wild dances
76%
2011 Running scared
75%
2008 Believe
74%
2005 My Number one
74%
2000 Fly on the wings of love
72%
1998 Diva
71%
2003 Everyway that I can
68%
2002 I wanna
68%
2001 Everybody
67%
1987 Hold me now
63%
1968 La la la
61%
1997 Love Shine a light
60%
1995 Nocturne
60%
1980 What's another year
60%
1979 Hallelujah
59%
1999 Take me to your Heaven
59%
1996 The Voice
59%
1957 Refrain
58%
1989 Rock me
56%
1967 Puppet on a string
55%
1992 Why me?
54%
1994 Rocknroll kids
53%
1986 j'aime la vie
51%
1981 Making your mind up
51%
1993 In your eyes
50%
1976 Save your kisses for me
50%
1978 A ba ni bi
48%
1975 Ding a dong
47%
1988 Ne partez pas sans moi
47%
1970 All kinds of everything
46%
1990 Insieme 1992
46%
1969 Boom bang a bang
45%
1982 Ein Bißchen Frieden
44%
1985 La det swinge
43%
1984 Diggi loo diggi Ley
41%
1991 Fangad av en stormwind
39%
1972 Apres toi
38%
1963 Dansevise
38%
1969 De Troubadour
38%
1966 Merci, chérie
38%
1965 Poupée de cire, Poupée de son
38%
1969 Vivo Cantando
38%
1964 Non ho l'età
35%
1977 L'oiseau et l'enfant
33%
1959 Een Beetje
32%
1971 Un banc, un arbre, une rue
32%
1960 Tom Pillibi
31%
1973 Tu te reconnaitras
30%
1958 Net Als Toen
29%
1958 Dors mon amour
27%
1983 Si la vie est cadeau
27%
1961 Nous les Amoureux
26%
1969 Un jour, un enfant
24%
1962 Un premier amour
24%
No matching quizzes found
Score Distribution
Percent of People with Each Score
Percentile by Number Answered
Your Score History
You have not taken this quiz